| 000 | 00629nam a2200193Ii 4500 | ||
|---|---|---|---|
| 003 | JO-AjNU | ||
| 008 | 230606s9999||||xx |||||||||||||| ||und|| | ||
| 040 |
_aJO-AjNU _beng _erda _cJO-AjNU |
||
| 041 | _aeng | ||
| 050 | 1 | 4 | _aHD77.5.J67.65.2009 |
| 100 | 3 |
_aJordan . Higher Population Council, _eauthor _93506 |
|
| 245 | 0 | 4 | _aThe Demographic Opportunity in Jordan " A Policy Document |
| 264 | 3 | 1 | _aJordan, The Higher Population Council, 2009 |
| 300 | _a40p | ||
| 336 |
_atext _btxt _2rdacontent |
||
| 337 |
_aunmediated _bn _2rdamedia |
||
| 338 |
_avolume _bnc _2rdacarrier |
||
| 650 | 4 |
_aJordan -- Population -- Statistics _93507 |
|
| 999 |
_aE1829 _c1829 _d1829 |
||